Bukan Dendam Pembuli

Bibliographic Details
Main Author: Syed Mahadzir
Format: Book
Published: Selangor : Cooray's House Of Publication Sdn Bhd , (s.n)
Series:Siri Hentikan Buli

MARC

LEADER 00000cam a2200000 7i4500
001 0000051778
005 20150908.0
008 150908
020 |a 9832852811(set) 
020 |a 9832852838 
090 0 0 |a MOR   |b MAL 
100 0 |a Syed Mahadzir 
245 1 0 |a Bukan Dendam Pembuli   |c Syed Mahadzir 
260 |a Selangor :   |b Cooray's House Of Publication Sdn Bhd ,   |c (s.n) 
490 0 |a Siri Hentikan Buli 
999 |a 0001052068   |b Book   |c Children Collection   |e Cawangan Taman Universiti 
999 |a 0001052069   |b Book   |c Children Collection   |e Cawangan Pontian 
999 |a 0001052070   |b Book   |c Children Collection   |e Cawangan Taman Sri Lambak 
999 |a 0001052071   |b Book   |c Children Collection   |e Cawangan Kota Tinggi 
999 |a 0001052844   |b Book   |c Children Collection   |e Cawangan Pontian 
999 |a 0001052845   |b Book   |c Teenagers   |e Cawangan Bandar Tenggara 
999 |a 0001071131   |b Book   |c Children Collection   |e Cawangan Taman Universiti 
999 |a 0001075523   |b Book   |c Teenagers   |e Cawangan Bandar Tenggara 
999 |a 0001075576   |b Book   |c Children Collection   |e Cawangan Taman Universiti 
999 |a 0001075590   |b Book   |c Children Collection   |e Cawangan Mersing 
999 |a 0001075607   |b Book   |c Children Collection   |e Cawangan Tmn. Ungku Tun Aminah 
999 |a 0001075643   |b Book   |c Children Collection   |e Cawangan Tangkak 
999 |a 0001130723   |b Book   |c Children Collection   |e Cawangan Bukit Gambir 
999 |a 0001133961   |b Book   |c Children Collection   |e Cawangan Bandar Penawar 
999 |a 0001135220   |b Book   |c Children Collection   |e Cawangan Segamat 
999 |a 0001138921   |b Book   |c Adult Collection   |e Cawangan Mersing